| 000 | 01107nam0a22002531 4500 | ||
|---|---|---|---|
| 001 | rc\471753 | ||
| 005 | 20250621095836.0 | ||
| 035 | _a(NLR Aleph) 005715396 | ||
| 090 |
_a7422062 _c7422062 |
||
| 100 | _a20030616d1988 |||y0rusy50 ca | ||
| 101 | 0 | _arus | |
| 102 | _aRU | ||
| 105 | _ay ||||||||| | ||
| 200 | 1 |
_aИСПОЛЬЗОВАНИЕ материалов XXVII съезда КПСС, последующих документов партии и правительства при изучении курса "Экономика торговли" _eМетод. рекомендации _fМ-во торговли УССР. Учеб.-метод. каб. _g[Сост. П.Б. Шеянова] |
|
| 210 |
_aКиев _cУМК Минторга УССР _d1988 |
||
| 215 |
_a27 с. _d20 |
||
| 320 | _aБиблиогр.: с. 27 | ||
| 702 | 1 |
_aШеянова _bП.Б. _gПолина Болеславовна _4220 |
|
| 712 | 0 | 1 |
_aУССР _bМ-во торговли _bУчеб.-метод. кабинет |
| 801 | 0 |
_aRU _bNLR _gpsbo |
|
| 801 | 1 |
_aRU _bELAR _2rusmarc |
|
| 852 |
_aNLR _j89-4/13697 |
||
| 942 | _cBOOK | ||
| 980 | _aNB | ||